| 000 | 01375cam a2200385Ia 4500 | ||
|---|---|---|---|
| 001 | 6997207 | ||
| 003 | NMHJTQWA | ||
| 005 | 20220326193249.0 | ||
| 008 | 090127s2008 sz a b 010 0deng d | ||
| 020 | _a9783905829914 | ||
| 020 | _a3905829916 | ||
| 035 | _a(OCoLC)ocn286495868 | ||
| 035 | _a(OCoLC)286495868 | ||
| 035 | _a(NNC)6997207 | ||
| 040 |
_aBTCTA _cBTCTA _dYDXCP _dOHX _dBWX _dNGA _dOCLCQ |
||
| 041 | 1 |
_aeng _hger _hslv _hrus |
|
| 043 |
_ae-xv--- _aee----- |
||
| 050 | 4 |
_aN7255.S56 _bC66 2008 |
|
| 082 |
_a707 _bB479c |
||
| 245 | 0 | 0 |
_aContinuing dialogues : _ba tribute to Igor Zabel / _cedited by Christa Benzer, Christine Böhler, Christiane Erharter. |
| 260 |
_aZurich : _bJRP Ringier ; _a[New York] : _bD.A.P./Distributed Art Publishers [distributor], _c[2009] |
||
| 300 |
_a213 p. : _bill. (some col.) ; _c25 cm. |
||
| 490 | 1 | _aTranzit series | |
| 504 | _a"Igor Zabel bibliography: selected bibliography 1985-2005": (p. 201-212). | ||
| 600 | 1 | 0 |
_aZabel, Igor. _9487 |
| 650 | 0 |
_aArt, Slovenian _y20th century. _9488 |
|
| 650 | 0 |
_aArt, East European _y20th century. _9489 _vArte eslovenio _vInvestigación - educación |
|
| 700 | 1 |
_aZabel, Igor. _9490 |
|
| 700 | 1 |
_aBenzer, Christa. _9491 |
|
| 700 | 1 |
_aBöhler, Christine. _9492 |
|
| 700 | 1 |
_aErharter, Christiane. _9493 |
|
| 830 | 0 |
_aTranzit (Series) _9494 |
|
| 948 | 1 |
_a20090619 _bc _cfra1 _dSCMC |
|
| 999 |
_c98 _d98 |
||